Wind damage in rubber plantations and a few suggestions for risk reduction (Record no. 49078)

MARC details
000 -LEADER
fixed length control field 00399nam a2200145Ia 4500
100 ## - MAIN ENTRY--AUTHOR NAME
Personal name Dey S K
245 #0 - TITLE STATEMENT
Title Wind damage in rubber plantations and a few suggestions for risk reduction
260 ## - PUBLICATION, DISTRIBUTION, ETC. (IMPRINT)
Name of publisher Rubber Board Bulletin
Year of publication 2006
300 ## - PHYSICAL DESCRIPTION
Number of Pages 19-25
650 ## - SUBJECT ADDED ENTRY--TOPICAL TERM
Topical Term Risk reduction
650 ## - SUBJECT ADDED ENTRY--TOPICAL TERM
Topical Term Wind damage
700 ## - ADDED ENTRY--PERSONAL NAME
Personal name Chakraborty S K
942 ## - ADDED ENTRY ELEMENTS (KOHA)
Koha item type Bibliography STAF
Holdings
Withdrawn status Lost status Damaged status Not for loan Home library Current library Shelving location Date acquired Serial Enumeration / chronology Koha item type
      Bibliography RRII Library RRII Library Botany 09/04/2014 Volume 28, Issue 2 Bibliography STAF